000 00593nam a2200205Ia 4500
005 20250508151526.0
008 008 250505s9999 xx 000 0 eng d
037 _aTextual
040 _aFEDL
_beng
_cFEDL
041 _aeng
_2eng
084 _a613, BUR
_qFEDL
100 _aBurkard William E
245 0 _aHealth for young americans
260 _aChicago, USA
_bLyons and Carnahan
_c1950
300 _avii,375p.
490 _aHealth happiness success
700 _a Chambers Raymond L Maroney Frederick W
_9759423
942 _cTEXL
_h613, BUR
999 _c1330349
_d1330349